000 00889nam a22001937a 4500
001 10023
003 FISKH
005 20260401112822.0
008 260330b cb ||||| |||| 00| 0 eng d
020 _a9787517605706
040 _aFISKH
_bchi
_cFISKH
_dFISKH
082 _a629.13
100 _a娜塔莉·马歇尔
245 _a直升机 /
_c娜塔莉·马歇尔
300 _a10 unnumbered pages :
_bcolor illustrations ;
_c15 cm .
520 _a这本书属于“忙忙碌碌的救援系列”,是一本专为幼儿设计的互动纸板书。 内容围绕直升机救援展开,通过简单的小故事和推拉机关,让孩子了解: 直升机的工作方式 紧急救援场景 基础交通工具知识 整本书语言简单、生动,配有可操作的机关设计,适合亲子共读,帮助孩子在玩中学习。
942 _2ddc
_cBOOK
_n0
999 _c10023
_d10023